| Tag |
First Indicator |
Second Indicator |
Subfields |
| LEADER |
00000cam a2200000 a 4500 |
| 001 |
in00001353521 |
| 005 |
20151006063132.0 |
| 008 |
961209s1997 caua 001 0 eng |
| 010 |
|
|
|a 96080238
|
| 020 |
|
|
|a 0764500848
|
| 035 |
|
|
|a (OCoLC)36587111
|
| 035 |
|
|
|9 AHG8632AM
|
| 040 |
|
|
|a DLC
|c DLC
|d TXA
|d UtOrBLW
|
| 049 |
|
|
|a TXAM
|
| 050 |
0 |
0 |
|a HD69.P75
|b D677 1997
|
| 082 |
0 |
0 |
|a 658.4/04/02855369
|2 21
|
| 100 |
1 |
|
|a Doucette, Martin.
|
| 245 |
1 |
0 |
|a Microsoft project for dummies /
|c by Martin Doucette ; foreword by Al Zeitoun.
|
| 264 |
|
1 |
|a Foster City, CA :
|b IDG Books Worldwide,
|c [1997]
|
| 264 |
|
4 |
|c ©1997
|
| 300 |
|
|
|a xxiv, 359 pages :
|b illustrations ;
|c 24 cm. +
|e 1 computer disk (3 1/2 in.)
|
| 336 |
|
|
|a text
|b txt
|2 rdacontent
|
| 337 |
|
|
|a unmediated
|b n
|2 rdamedia
|
| 338 |
|
|
|a volume
|b nc
|2 rdacarrier
|
| 500 |
|
|
|a Includes index.
|
| 500 |
|
|
|a "Disk contains sample project files that help you use Microsoft Project"--P.[4] of cover.
|
| 538 |
|
|
|a System requirements for accompanying disk: IBM-compatible PC; Windows 95; Microsoft Project.
|
| 630 |
0 |
0 |
|a Microsoft Project.
|
| 650 |
|
0 |
|a Project management
|x Computer programs.
|
| 650 |
|
0 |
|a Project management
|v Software.
|
| 999 |
|
|
|a MARS
|
| 999 |
f |
f |
|s 136e3c9b-4831-32a3-867e-e9683ef5f399
|i 63100067-651c-3728-a643-e26af683616a
|t 0
|
| 952 |
f |
f |
|p ric
|a Texas A&M University
|b Rellis Campus
|c Joint Library Facility
|d Remote Storage
|t 0
|e HD69.P75 D677 1997
|h Library of Congress classification
|i unmediated -- volume
|m A14821162042
|
| 998 |
f |
f |
|a HD69.P75 D677 1997
|t 0
|l Remote Storage
|